[Event "It (open)"]
[Site "masterchessopen.com Port Erin (England)"]
[Round "8"]
[White "Kuzmin Alexey (RUS)"]
[Black "Mikhalevski Victor (ISR)"]
[Result "0-1"]
[WhiteElo "2539"]
[BlackElo "2566"]

1.d4 Nf6 2.c4 g6 3.Nc3 d5 4.Bf4 Bg7 5.e3 c5 6.dxc5 Qa5 7.Rc1 dxc4 8.Bxc4 O-O
9.Ne2 Qxc5 10.Qb3 Qa5 11.O-O Nc6 12.h3 Ne5 13.Bxe5 Qxe5 14.Rfd1 Rb8 15.Nd4 Bd7
16.a4 a6 17.Be2 Rfc8 18.Qa3 Bf8 19.b4 e6 20.Nf3 Qa5 21.Rb1 Qc7 22.Rdc1 a5
23.Ne4 Nxe4 24.Rxc7 Rxc7 25.Qd3 Nc3 26.bxa5 Nxb1 27.Qxb1 Bxa4 28.Nd4 Rbc8
29.Qa2 Bd7 30.a6 bxa6 31.Qxa6 Bg7 32.Bb5 Bxd4 33.Bxd7 Rd8 34.Bxe6 Be5 35.f4
Bd6 36.Bd5 Bc5 37.Kf1 Bxe3 38.Qd3 Rc1+ 39.Ke2 Re8 40.Kf3 Bc5 {#R} 0-1

[Event "Cup European Club (final)"]
[Site "masterchessopen.com Rethymnon (Greece)"]
[Round "7"]
[White "Aleksandrov Aleksej (BLR)"]
[Black "Nedev Trajce (MKD)"]
[Result "1-0"]
[WhiteElo "2659"]
[BlackElo "2528"]

{ Aleksandrov Aleksej (BLR) +1 =0 -0 } 1.d4 { 1 } 1...Nf6 2.c4 g6 3.Nc3 d5
4.Bf4 Bg7 5.e3 c5 6.dxc5 Qa5 7.Rc1 dxc4 8.Bxc4 Qxc5 { = } ( 8...O-O 9.Nf3 Qxc5
10.Bb3 Nc6 11.O-O Qa5 12.Na4 Qh5 { } ) 9.Nb5 ( 9.Bb3 Qa5 10.Nf3 O-O 11.O-O Nc6
12.h3 Bf5 13.Qe2 Ne4 14.Nd5 e5 15.Bg5 Nxg5 16.Nxg5 Qd8 17.Nf3 e4 18.Nd2 Be6
19.Nc3 Bxb3 20.Nxb3 Qe7 21.Rfd1 Kh8 22.Nd5 Qe5 23.Rd2 Rfd8 24.Qd1 Rac8 25.Nc5
b6 26.Nb7 Rf8 27.Nb4 Ne7 28.Rxc8 Rxc8 { ...1-0, Meins Gerlef 2436 - Bossy
Arnim 2156 , Duisburg 2003 It (open) } ) 9...Qb4+ 10.Kf1 O-O ( 10...Na6 11.a3
Qxb2 12.Rb1 Qxb1 13.Qxb1 O-O 14.Nf3 Bf5 15.Qa2 Nc5 16.Ne5 e6 17.f3 Rfd8 18.g4
Bd3+ 19.Nxd3 Nxd3 20.Bg3 a6 21.Nc7 Rac8 22.Nxe6 Nc1 23.Qc2 Nd5 24.Nxd8 Nxe3+
25.Kf2 Nxc2 26.Bxf7+ Kh8 27.Rxc1 Bd4+ 28.Ke2 Bb2 29.Ne6 { 1-0, Leitao Rafael
2550 - Van Wely Loek 2635 , Antwerpen 1998 It (open) } ) 11.a3 Qa5 12.b4 Qa6 (
12...Qb6 13.Nc7 Ne4 14.Nxa8 Qf6 15.Nc7 Qb2 16.Rc2 Qxa3 17.Nd5 Qa4 18.Bxb8 Be6
19.Ne2 Rxb8 20.Nxe7+ { 1-0, Leitao Rafael 2360 - Tsuboi Edson Kenji 2335 ,
Americana 1995 Ch Brazil } ) 13.Nc7 ( 13.Qb3 Ne4 14.Nf3 Bg4 15.Nc7 Bxf3 16.Ke1
Qf6 17.gxf3 e5 18.fxe4 exf4 19.Nxa8 fxe3 20.Qxe3 Qb2 21.Nc7 Nc6 22.Nd5 Bd4
23.Qd2 Qxa3 24.Be2 Bb2 25.Rb1 Bg7 26.Rg1 Qh3 27.Qe3 Qxh2 28.Qg3 Qh6 29.Rd1 Re8
30.f3 { 1-0, Fokin Sergey 2420 - Krupkova Petra 2235 , Pardubice 1992 It
(open) "Trimex" } ) 13...Qxa3 14.Nxa8 Nc6 15.Ne2 e5 { } ( 15...Bg4 16.Nc7
Bxe2+ 17.Kxe2 Ne4 18.Qb3 Bb2 19.Rc2 e5 20.Bh6 Qxb3 21.Bxb3 Rc8 22.Nd5 { 1-0,
Kristensen Bjarke 2375 - Boutquin Pierre 2270 , Saint John 1988 It (open) } )
16.Bg3 Qxb4 { N } ( 16...Bg4 17.Nc7 Qxb4 18.f3 Bf5 19.Kf2 Bh6 20.Qb3 Qa5
21.Nd5 Nxd5 22.Bxd5 Nb4 23.Rhd1 Qb6 24.Bc4 a5 25.Bxe5 a4 26.Qc3 { 1-0, Levitt
Jonathan 2465 - Mann Christian 2445 , Germany 1991 Bundesliga 1990/91 (2nd) }
) 17.Nc7 Rd8 18.Qb3 Qd2 19.f3 Na5 20.Bxf7+ Kf8 21.Qa2 Nc6 22.Ne6+ Bxe6 23.Qxd2
Rxd2 24.Bxe6 { } {#r} 1-0

[Event "It (open)"]
[Site "masterchessopen.com Samara (Russia)"]
[Round "7"]
[White "Sterliagova Tatiana (RUS)"]
[Black "Grebionkin Vladimir (RUS)"]
[Result "0-1"]
[WhiteElo "2234"]
[BlackElo "2421"]

1.d4 Nf6 2.c4 g6 3.Nc3 d5 4.Bf4 Bg7 5.e3 c5 6.dxc5 Qa5 7.Qa4+ Qxa4 8.Nxa4 O-O
9.Nc3 Be6 10.Nf3 dxc4 11.Ng5 Nd5 12.Nxd5 Bxd5 13.O-O-O Bc6 14.Bxc4 Na6 15.Bd5
Rac8 16.Kb1 Nxc5 17.Nf3 Ba4 18.b3 Bb5 19.Be5 Rfd8 20.Bxg7 Kxg7 21.Ne5 f6
22.Bc4 Be8 23.Nf3 Ne4 24.Rxd8 Rxd8 25.Nd4 Bf7 26.Bxf7 Kxf7 27.f3 Nc3+ 28.Kb2
Nd5 29.Nc2 Rc8 30.Rc1 Rc6 31.e4 Nf4 32.Ne1 Rd6 33.Rc7 Rd2+ 34.Nc2 Ne6 35.Rxb7
Nd4 36.Rc7 Rxg2 37.Kb1 Nxf3 38.Rxa7 Nd2+ 39.Kc1 Nxe4 40.Nd4 f5 41.b4 Nc3 42.a3
Ne2+ 43.Nxe2 Rxe2 44.b5 f4 45.Kd1 Rb2 46.a4 f3 47.Ke1 Kf6 48.Rb7 e5 {#R} 0-1

[Event "It (open)"]
[Site "masterchessopen.com Sautron (France)"]
[Round "9"]
[White "Miraoui Karim (FRA)"]
[Black "Mohandesi Shahin (IRI)"]
[Result "0-1"]
[WhiteElo "2080"]
[BlackElo "2332"]

1.d4 Nf6 2.c4 g6 3.Nc3 d5 4.Bf4 Bg7 5.e3 c5 6.Qb3 cxd4 7.exd4 dxc4 8.Bxc4 O-O
9.Nf3 Nc6 10.Rd1 Na5 11.Qb4 Nxc4 12.Qxc4 Bg4 13.Be5 Bxf3 14.gxf3 Qd7 15.h4 Qf5
16.Qe2 Rfd8 17.Ne4 Nd5 18.Ng3 Qe6 19.h5 f6 20.hxg6 hxg6 21.f4 fxe5 22.fxe5 Rf8
23.Qe4 Rf4 24.Qg2 Rd8 25.Qh2 Qg4 26.Qh7+ Kf7 {#R} 0-1

[Event "It (c)"]
[Site "masterchessopen.com Serpukhov (Russia)"]
[Round "1"]
[White "Panush Viktor (MDA)"]
[Black "Danin Alexandre (RUS)"]
[Result "0-1"]
[WhiteElo "2219"]
[BlackElo "2420"]

1.d4 Nf6 2.c4 g6 3.Nc3 d5 4.Bf4 Bg7 5.e3 c5 6.dxc5 Qa5 7.Qa4+ Qxa4 8.Nxa4 Bd7
9.Nc3 Ne4 10.Nxe4 dxe4 11.Rb1 Na6 12.Ne2 Nxc5 13.Nc3 Bxc3+ 14.bxc3 Bc6 15.Be2
f6 16.O-O e5 17.Bg3 Rd8 18.Rb2 Nd3 19.Rd2 Ke7 20.Rfd1 Nc5 21.f4 exf3 22.gxf3
Rxd2 23.Rxd2 Rd8 24.Rxd8 Kxd8 25.e4 g5 26.Bf2 b6 27.Bxc5 bxc5 28.Kf2 Ke7
29.Ke3 Kf7 30.Bf1 Bd7 31.Kf2 Kg6 32.Kg3 f5 33.exf5+ Bxf5 34.h4 h5 35.a3 Kf6
36.Be2 Bc2 37.Bf1 Bd1 38.hxg5+ Kxg5 39.Kf2 Kf4 {#R} 0-1

[Event "Cup Russia (open)"]
[Site "masterchessopen.com St. Petersburg (Russia)"]
[Round "5"]
[White "Sambuev Bator (RUS)"]
[Black "Kovchan Alexander (UKR)"]
[Result "1-0"]
[WhiteElo "2562"]
[BlackElo "2489"]

1.d4 Nf6 2.c4 g6 3.Nc3 d5 4.Bf4 Bg7 5.e3 c5 6.dxc5 Qa5 7.Qa4+ Qxa4 8.Nxa4 O-O
9.Rc1 Bd7 10.Nc3 dxc4 11.Bxc4 Rc8 12.b4 a5 13.b5 a4 14.Nd5 Nxd5 15.Bxd5 Bxb5
16.Bxb7 Na6 17.Bxa8 Nxc5 18.Be4 f5 19.Bd5+ Kf8 20.Ne2 Nd3+ 21.Kd2 Rd8 22.Rb1
Rxd5 23.Rxb5 Rxb5 24.Kxd3 e5 25.Bg3 Rb2 26.Nc1 g5 27.f3 Rxg2 28.Ne2 f4 29.exf4
exf4 30.Be1 Bf6 31.h4 h6 32.hxg5 hxg5 33.Rg1 Rh2 34.Bc3 Be7 35.Bd4 Kf7 36.Rc1
Ke8 37.Rc2 Rg2 38.Ke4 Kd7 39.Be5 g4 40.Bxf4 gxf3 41.Kxf3 Rg6 42.Ke4 Rb6 43.Nd4
Rb7 44.Kd5 Bf6 45.Be5 Be7 46.Rh2 {#r} 1-0

[Event "It (open)"]
[Site "masterchessopen.com Vienna (Austria)"]
[Round "1"]
[White "Timoscenko Gennadij (SVK)"]
[Black "Mueller Roland (AUT)"]
[Result "1-0"]
[WhiteElo "2504"]
[BlackElo "2096"]

1.d4 Nf6 2.c4 g6 3.Nc3 d5 4.Bf4 Bg7 5.e3 c5 6.dxc5 Qa5 7.Rc1 Nc6 8.cxd5 Nb4
9.Qd2 Nbxd5 10.Bb5+ Kf8 11.Nge2 Nxf4 12.exf4 Ne4 13.Nxe4 Qxb5 14.N2c3 Qc6
15.O-O {#r} 1-0

[Event "It (open)"]
[Site "masterchessopen.com Virginia Beach (USA)"]
[Round "5"]
[White "Kaufman Larry C (USA)"]
[Black "Pomerleano Danie (USA)"]
[Result "1-0"]
[WhiteElo "2373"]
[BlackElo "2250"]

1.d4 Nf6 2.c4 g6 3.Nc3 d5 4.Bf4 Bg7 5.e3 c5 6.dxc5 Qa5 7.Rc1 Ne4 8.cxd5 Nxc3
9.Qd2 Qxa2 10.Rxc3 O-O 11.Rc1 Rd8 12.Bc4 Qxb2 13.Nf3 Bf5 14.Bg5 Rd7 15.O-O a5
16.Rfd1 a4 17.Nh4 a3 18.Nxf5 {#r} 1-0

[Event "Dos Hermanas Qualifier (14-A)"]
[Site "masterchessopen.com Internet"]
[Date "2003.03.14"]
[Round "2"]
[White "Kommer Bas (NED)"]
[Black "Grebionkin Vladimir (RUS)"]
[Result "0-1"]
[WhiteElo "2165"]
[BlackElo "2421"]

1.d4 Nf6 2.c4 g6 3.Nc3 d5 4.Bf4 Bg7 5.e3 c5 6.dxc5 Qa5 7.Qa4+ Qxa4 8.Nxa4 O-O
9.Be5 Nc6 10.Bxf6 Bxf6 11.cxd5 Nb4 12.Kd2 Nxd5 13.Bc4 Rd8 14.Ke2 Bd7 15.Bxd5
Bb5+ {#R} 0-1

[Event "Ch NRW (seniors)"]
[Site "masterchessopen.com Beverungen (Germany)"]
[Date "2003.06.22"]
[Round "9"]
[White "Khanukov Boris (GER)"]
[Black "Luecke Volkmar (GER)"]
[Result "1-0"]
[WhiteElo "2329"]
[BlackElo "2009"]

1.d4 Nf6 2.c4 g6 3.Nc3 d5 4.Bf4 Bg7 5.e3 c6 6.h3 O-O 7.Nf3 Nbd7 8.Rc1 dxc4
9.Bxc4 Nb6 10.Bb3 Nbd5 11.Bh2 Be6 12.O-O Nxc3 13.bxc3 Bxb3 14.Qxb3 Qb6 15.Qa3
Qd8 16.Qa4 a6 17.c4 b5 18.Qb3 Rc8 19.a4 bxc4 20.Rxc4 Qd5 21.Rfc1 Nd7 22.Qc2
Nb6 23.Rc5 Qd7 24.a5 Nd5 25.Qc4 e6 26.Qxa6 Ra8 27.Qc4 Rfc8 28.e4 Nf6 29.Ne5
{#r} 1-0

[Event "It (open)"]
[Site "masterchessopen.com Andorra"]
[Date "2003.07.05"]
[Round "5"]
[White "Planas Ferret Rossen (ESP)"]
[Black "Navarro Cia Miguel (ESP)"]
[Result "1-0"]
[WhiteElo "2241"]
[BlackElo "2313"]

1.d4 Nf6 2.c4 g6 3.Nc3 d5 4.Bf4 Bg7 5.e3 c5 6.dxc5 Qa5 7.Rc1 dxc4 8.Bxc4 O-O
9.Ne2 Qxc5 10.Qb3 Qh5 11.O-O Nc6 12.Qa3 e5 13.Bg3 Bf5 14.Bb5 Be6 15.f3 Rfc8
16.Bf2 a6 17.Ng3 Qh6 18.Bxc6 Rxc6 19.Nce4 Nxe4 20.Nxe4 Bc4 21.Rfd1 Rac8 22.b3
Bb5 23.Qb2 Rxc1 24.Rxc1 Bc6 25.Qd2 Bf8 26.Nf6+ Kg7 27.Ng4 Qg5 28.h4 Qf5 29.e4
Qe6 30.Ne3 Ba3 31.Rd1 h5 32.Nc4 Be7 33.Qb2 f6 34.Nb6 Rd8 35.Rxd8 Bxd8 36.Nc4
Qd7 37.Qc2 Kf7 38.Ne3 Bb6 39.Qc4+ Qe6 40.Nd5 Bxf2+ 41.Kxf2 f5 42.Qc5 fxe4
43.fxe4 Kg7 44.g3 Kh6 45.Qf8+ Kh7 46.Nf6+ {#r} 1-0

[Event "Bundesliga 2003/04"]
[Site "masterchessopen.com Germany"]
[Date "2004.02.14"]
[Round "8"]
[White "Lazarev Vladimir (FRA)"]
[Black "Van Wely Loek (NED)"]
[Result "0-1"]
[WhiteElo "2516"]
[BlackElo "2681"]

{ Van Wely Loek (NED) +0 =1 -1 } 1.d4 { 1 } 1...Nf6 2.c4 g6 3.Nc3 d5 4.Bf4 Bg7
5.e3 c5 6.dxc5 Qa5 7.Rc1 dxc4 8.Bxc4 O-O ( 8...Qxc5 9.Nb5 Qb4+ 10.Kf1 Na6
11.a3 Qxb2 12.Rb1 Qxb1 13.Qxb1 O-O 14.Nf3 Bf5 15.Qa2 Nc5 16.Ne5 e6 17.f3 Rfd8
18.g4 Bd3+ 19.Nxd3 Nxd3 20.Bg3 a6 21.Nc7 Rac8 22.Nxe6 Nc1 23.Qc2 Nd5 24.Nxd8
Nxe3+ 25.Kf2 Nxc2 26.Bxf7+ Kh8 27.Rxc1 Bd4+ 28.Ke2 { ...1-0, Leitao Rafael
2550 - Van Wely Loek 2635 , Antwerpen 1998 It (open) } ) 9.Ne2 Qxc5 10.Qb3 { =
} 10...Nc6 11.Nb5 Qh5 12.Ng3 Qh4 13.Nc7 e5 ( 13...g5 14.Bxg5 Qxg5 15.Nxa8 Bd7
16.Qxb7 Rb8 17.Qc7 Rxa8 18.Ba6 Ne8 19.Qxd7 Qa5+ 20.b4 Nxb4 21.O-O Qxa6 22.Nf5
Nxa2 23.Rc6 Qa5 24.Nxe7+ Kf8 25.Nc8 Qb4 26.Rc4 { 1-0, Dreev Alexey 2690 -
Svidler Peter 2693 , Halkidiki 2002 Cup European Club (final) } ) ( 13...Rb8
14.Bxf7+ Rxf7 15.Rxc6 bxc6 16.Qxb8 Rf8 17.Qb3+ Kh8 { 1/2-1/2, Berczes David
2305 - Margvelashvili Giorgi 2235 , Budva 2003 Ch Europe (juniors) (under 14)
} ) 14.Bxe5 ( 14.Bh6 Bxh6 15.Nxa8 Ng4 16.Nc7 Nd4 17.Qa3 Nf5 18.Nd5 Ngxe3
19.Nxe3 Bxe3 20.Bxf7+ Kxf7 21.Qb3+ Kf6 22.fxe3 Nxg3 23.Rc4 Qh5 24.Qd3 Be6
25.Rg1 Bxc4 26.Qxc4 Qxh2 { 0-1, Piskov Yury 2500 - Dvoirys Semen I 2515 ,
Podolsk 1992 Ch Russia (team) } ) 14...Nxe5 15.Nxa8 Bd7 16.Nc7 Bc6 ( 16...Rc8
17.Be2 Ne8 18.f4 Ng4 19.Qd1 Nxe3 20.Qxd7 Qxf4 21.Nf1 Nxg2+ 22.Kd1 Qh4 23.Qxc8
Qd4+ 24.Kc2 Qxb2+ 25.Kd3 Nf4+ 26.Ke4 Qe5+ 27.Kf3 Qxe2+ 28.Kg3 Nh5+ 29.Kh3 Qf3+
{ 0-1, Veremeichik Vladimir 2361 - Zhigalko Andrey 2369 , Minsk 2001 Ch
Belarus } ) 17.Nd5 Kh8 ( 17...Nxd5 { } ) 18.Nf4 g5 19.Nd3 Nxd3+ 20.Qxd3 (
20.Bxd3 Bxg2 21.Qc4 Ng4 22.Bf5 Ne5 23.Qxh4 gxh4 24.Rg1 Bc6 25.Nh5 Nf3+ 26.Ke2
Bxb2 27.Rgd1 Bxc1 28.Rxc1 Re8 29.Nf6 Nd4+ 30.Kd3 Nxf5 31.Nxe8 Bxe8 32.Rc8 Ng7
33.Rb8 b6 34.Rb7 Nh5 35.Rxa7 Nf6 36.f3 Kg7 37.e4 Nd7 38.Ke3 Nc5 39.Ra8 Ba4 {
...1/2-1/2, Dreev Alexey 2682 - Sutovsky Emil 2666 , Rethymnon 2003 Cup
European Club (final) } ) 20...Bxg2 21.Nf5 Qh3 { } 22.Nxg7 Kxg7 { N } (
22...Bxh1 23.Nf5 Bc6 24.Qd6 Nd7 25.Nd4 Qg2 26.Rd1 Qg1+ 27.Ke2 Qg4+ 28.Kd2 Qe4
29.Ke1 Kg7 30.Qg3 Kh8 31.Bb3 Ne5 32.Qxg5 Nf3+ 33.Nxf3 Qxf3 34.Qe5+ Kg8 35.Rd4
Re8 36.Qg5+ Kf8 37.Rg4 Qh1+ 38.Kd2 Qxh2 39.Qf6 Qh5 40.Rg5 { 1-0, Mikhalevski
Victor 2568 - Greenfeld Alon 2539 , Ashdod 2003 It (open) } ) 23.Rg1 Rc8
24.Qd6 b5 25.Qe5 h6 26.Qxb5 Qxh2 27.Ke2 Rb8 28.Rxg2 Qh5+ 29.f3 Rxb5 30.Bxb5
Qh3 31.Rcg1 Qe6 32.Kf2 Qxa2 33.Be2 Qxb2 34.Rd1 Qe5 35.Rd4 Nd5 36.Rd3 Kf8
37.Rg4 Nc3 38.Bf1 h5 39.Rc4 Nb5 40.Rb3 Nd6 41.Ra4 a5 42.Rba3 Qh2+ 43.Ke1 Qg1
44.e4 h4 45.Rd3 h3 46.Rxd6 Qg3+ {#R} 0-1

[Event "Memorial Tringov (open)"]
[Site "masterchessopen.com Plovdiv (Bulgaria)"]
[Date "2004.02.16"]
[Round "1"]
[White "Iotov Valentin (BUL)"]
[Black "Ochkov Radoslav (BUL)"]
[Result "1-0"]
[WhiteElo "2414"]
[BlackElo "1868"]

1.d4 Nf6 2.c4 g6 3.Nc3 d5 4.Bf4 Bg7 5.e3 c5 6.dxc5 Qa5 7.Rc1 dxc4 8.Bxc4 Qxc5
9.Nb5 Qb4+ 10.Kf1 Na6 11.a3 Qa5 12.Bc7 Nxc7 13.Nxc7+ Qxc7 14.Bxf7+ Kxf7
15.Rxc7 b6 16.Nf3 Ba6+ 17.Kg1 Rhd8 18.Qb3+ Kf8 19.Ne5 e6 20.Rf7+ Kg8 21.Rxf6
Bxf6 22.Qxe6+ Kg7 23.Qf7+ Kh6 24.Ng4+ Kh5 25.Nxf6+ Kh6 26.Qxh7+ Kg5 27.Ne4+
Kf5 28.Ng3+ Kf6 29.h4 Rh8 30.Ne4+ Kf5 31.Nd6+ {#r} 1-0

[Event "It (open) \"]
[Site "masterchessopen.com Moscow (Russia)"]
[Date "2004.02.21"]
[Round "5"]
[White "Gutov Andrey (RUS)"]
[Black "Konguvel Ponnuswamy (IND)"]
[Result "0-1"]
[WhiteElo "2406"]
[BlackElo "2403"]

1.d4 Nf6 2.c4 g6 3.Nc3 d5 4.Bf4 Bg7 5.e3 c5 6.dxc5 Qa5 7.Qb3 Ne4 8.Qb5+ Qxb5
9.Nxb5 Na6 10.f3 Nexc5 11.cxd5 Bxb2 12.Rb1 Bg7 13.Kf2 O-O 14.Bc4 Bd7 15.Ne2
Rfc8 16.Rhc1 Na4 17.Ned4 Nb6 18.Na3 Nc5 19.Rc2 Bxd4 20.exd4 Bf5 21.dxc5 Bxc2
22.Rb4 Nxc4 23.Rxc4 Bf5 24.g4 Bd7 25.g5 e6 26.dxe6 Bxe6 27.Rc2 Rc6 28.Nb5 b6
{#R} 0-1

[Event "It (open)"]
[Site "masterchessopen.com Guegnon (France)"]
[Date "2004.02.28"]
[Round "1"]
[White "Inkiov Ventzislav (BUL)"]
[Black "Douville N"]
[Result "1-0"]
[WhiteElo "2496"]
[BlackElo "1760"]

1.d4 Nf6 2.c4 g6 3.Nc3 d5 4.Bf4 Bg7 5.e3 a6 6.Nf3 Nc6 7.Qb3 e6 8.Qa3 Bd7 9.Rc1
Rc8 10.cxd5 Nxd5 11.Bg5 Nf6 12.e4 Qe7 13.Qb3 Na5 14.Qc2 Qb4 15.Bd2 Qe7 16.e5
Nd5 17.Nxd5 exd5 18.Bxa5 b6 19.Bd2 a5 20.Ba6 Ra8 21.Bb7 Ra7 22.Qxc7 O-O
23.Qxb6 Rxb7 24.Qxb7 Qe6 25.O-O h6 26.Rc7 Bc8 27.Qc6 Ba6 28.Qxe6 fxe6 29.Rfc1
a4 30.R1c6 Be2 31.Rc8 Kf7 32.R6c7+ Kg8 33.Rxg7+ {#r} 1-0

[Event "Ch Russia (club) (w)"]
[Site "masterchessopen.com Sochi (Russia)"]
[Date "2004.04.20"]
[Round "9"]
[White "Sterliagova Tatiana (RUS)"]
[Black "Matveeva Svetlana (RUS)"]
[Result "0-1"]
[WhiteElo "2234"]
[BlackElo "2437"]

1.d4 Nf6 2.c4 g6 3.Nc3 d5 4.Bf4 Bg7 5.e3 c5 6.dxc5 Qa5 7.Qa4+ Qxa4 8.Nxa4 Na6
9.f3 Bd7 10.Nc3 dxc4 11.Bxc4 Nxc5 12.e4 a6 13.Rc1 Be6 14.Bxe6 Nd3+ 15.Kd2 Nxf4
16.Bb3 Nxg2 17.Rd1 O-O-O+ 18.Ke2 Rxd1 19.Kxd1 Rd8+ 20.Kc1 Bh6+ 21.Kb1 e6
22.Nge2 Nh5 23.Rg1 Nh4 24.Rf1 Rd3 25.f4 Rf3 26.Rxf3 Nxf3 27.f5 gxf5 28.exf5
Nd2+ 29.Kc2 Nxb3 30.Kxb3 exf5 31.Nd4 Bf4 32.h3 Ng7 33.Kc4 Be5 34.Kd5 f6 35.Na4
Bxd4 36.Kxd4 Ne6+ 37.Kd5 Nf4+ 38.Kd6 Nxh3 39.Nb6+ Kd8 40.Ke6 f4 41.Kxf6 f3
42.Nd5 Nf4 43.Ne3 Nd3 {#R} 0-1

[Event "It (cat.13)"]
[Site "masterchessopen.com Zalaegerszeg (Hungary)"]
[Date "2004.04.27"]
[Round "4"]
[White "Portisch Lajos (HUN)"]
[Black "Ruck Robert (HUN)"]
[Result "0-1"]
[WhiteElo "2525"]
[BlackElo "2562"]

{ Portisch Lajos (HUN) +1 =1 -0 } 1.d4 { 1 } 1...Nf6 2.c4 g6 3.Nc3 d5 4.Bf4
Bg7 5.e3 ( 5.Rc1 dxc4 6.e4 c5 7.dxc5 Qa5 8.Bxc4 O-O 9.e5 Nfd7 10.Nf3 Nxc5
11.O-O Nc6 12.Nd5 Be6 13.b4 Nxb4 14.Nxe7+ Kh8 15.Bd2 Rad8 16.Bxe6 fxe6 17.a3
Qxa3 18.Rxc5 Na6 19.Nxg6+ hxg6 20.Rc2 Nb4 21.Bxb4 Qxb4 22.Qc1 Qe7 23.Qe3 Rf5
24.Rfc1 Kg8 { ...1-0, Portisch Lajos 2615 - Nunn John D M 2585 , Budapest 1987
Izt (play-off) } ) 5...c5 6.dxc5 Qa5 7.Qa4+ Qxa4 8.Nxa4 Bd7 9.Nc3 { = }
9...Ne4 ( 9...Na6 10.cxd5 Nxc5 11.Nf3 O-O 12.Rd1 Rfd8 13.Be5 Na4 14.Nxa4 Bxa4
15.Rd4 Bc2 16.Bc4 a6 17.Ke2 b5 18.Rc1 Be4 19.Bb3 Bxd5 20.Bxd5 Nxd5 21.Rcd1 e6
22.e4 Bxe5 23.Nxe5 Nf4+ 24.Kf3 Rxd4 25.Rxd4 Nh5 26.g4 Nf6 27.g5 Nh5 28.Rd6 Rc8
29.Rxa6 { ...1-0, Andruet Gilles 2410 - Bernard Christophe 2338 , France 1986
Ch France } ) 10.Nxd5 Na6 11.f3 Nexc5 12.O-O-O ( 12.Rb1 e6 13.Nc7+ Nxc7
14.Bxc7 Na4 15.Bd6 a6 16.b3 Nc3 17.Rc1 a5 18.a4 Ra6 19.Bc5 Na2 20.Rc2 Rc6
21.Bd4 e5 22.Ba1 Nb4 23.Rd2 Na6 24.Be2 Nc5 25.Bd1 Rb6 26.Rd5 Nxb3 27.Bxe5 Bxe5
28.Rxe5+ Kf8 29.Ne2 Bxa4 30.Kf2 f6 31.Bxb3 Bxb3 { ...1-0, Novikov Igor A 2545
- Kudrin Sergey 2540 , Toronto 1998 It (open) } ) 12...e6 ( 12...Na4 13.b3 e6
14.Nc7+ Nxc7 15.Bxc7 Nc3 16.Rd2 Rc8 17.Bd6 b5 18.Rc2 a5 19.Ne2 bxc4 20.Nxc3
cxb3 21.axb3 Bxc3 22.Bc4 Bb4 23.Rd1 Bxd6 24.Rxd6 Ke7 25.Ra6 Ra8 26.Rxa8 Rxa8
27.Kd2 Kd6 28.Kc3 Bc6 29.Ra2 g5 30.h3 h5 31.Be2 h4 32.Bc4 { ...1/2-1/2, Kiss
Pal 2400 - Mendelian Vahe 2188 , Hungary 2000 Ch Hungary (team) 2000/01 } )
13.Nc3 ( 13.Nc7+ Nxc7 14.Bxc7 Rc8 15.Bd6 b5 16.b3 bxc4 17.Bxc4 Na4 18.Rd2 Bb5
19.Rc2 Bxc4 20.bxc4 Kd7 21.c5 Rc6 22.Ne2 { 1/2-1/2, Van Wely Loek 2655 -
Svidler Peter 2660 , Tilburg 1997 It (cat.17) } ) 13...Bxc3 14.bxc3 f6 15.g4
O-O-O { N } ( 15...h5 16.g5 e5 17.Bg3 h4 18.Bf2 fxg5 19.Rd5 e4 20.Rxg5 Bf5
21.Kc2 O-O-O 22.Bh3 Bxh3 23.Nxh3 exf3 24.Rg4 Nd3 25.Bxh4 Ne5 26.Re4 Rde8
27.Bg3 Rxh3 28.Rxe5 Rxe5 29.Bxe5 Nc5 30.Rg1 Rh5 31.Bg3 Ne4 32.Kd3 Nxg3 33.hxg3
Rg5 34.g4 Kc7 35.e4 { ...1-0, Hertneck Gerald 2536 - Joachim Sven 2437 ,
Germany 2003 Bundesliga 2002/03 } ) 16.g5 Ba4 17.Re1 fxg5 18.Bxg5 Nd3+ 19.Bxd3
Rxd3 20.Bf6 Re8 21.Nh3 { ?! } ( 21.Be5 { !? } 21...Nb8 22.Nh3 Nc6 23.Bd4 { } )
21...e5 22.Ng5 Rxc3+ { ?! } ( 22...Nc5 { !? } 23.Re2 h6 24.Ne4 Nxe4 { } )
23.Kb2 Rc2+ 24.Ka3 Nc5 25.Rd1 { ! } ( 25.Nxh7 Re6 26.Be7 Rxe7 27.Nf8 { } )
25...Re2 26.Rde1 { ?! } ( 26.Rd5 { !? } 26...Rxe3+ 27.Kb4 Nd7 28.Ne4 { } )
26...Rd2 27.f4 { ?! } ( 27.Rhf1 { !? } 27...h6 28.Nf7 Re6 29.Bxe5 { } )
27...Bc6 28.Rhf1 Nd7 { ? } ( { ? } 28...h6 29.Nh7 Rd3+ 30.Kb2 Rd7 { } )
29.fxe5 Nxe5 30.e4 { ? } ( { ? } 30.Bxe5 Rxe5 31.h4 Ra5+ 32.Kb4 { } ) 30...h6
31.Bxe5 Rxe5 32.Rf8+ Kc7 33.Rf7+ Kb6 34.Rb1+ Ka6 35.Nf3 Ra5+ 36.Kb3 Rd3+
37.Kb2 Bxe4 38.Ne1 Rd2+ 39.Kc3 Bxb1 40.Kxd2 Rxa2+ { } {#R} 0-1

[Event "Ch Europe"]
[Site "masterchessopen.com Antalya (Turkey)"]
[Date "2004.05.17"]
[Round "3"]
[White "Iotov Valentin (BUL)"]
[Black "Petrosian Tigran L (ARM)"]
[Result "1-0"]
[WhiteElo "2414"]
[BlackElo "2539"]

1.d4 Nf6 2.c4 g6 3.Nc3 d5 4.Bf4 Bg7 5.e3 c5 6.dxc5 Qa5 7.Rc1 dxc4 8.Bxc4 O-O
9.Ne2 Qxc5 10.Qb3 Nc6 11.Nb5 Qh5 12.Ng3 Qh4 13.Nc7 e5 14.Bxe5 Nxe5 15.Nxa8 Bd7
16.Nc7 Bc6 17.Nd5 Nxd5 18.Bxd5 Bxd5 19.Qxd5 Rd8 20.Qxb7 Nd3+ 21.Ke2 Qf6 22.Ne4
Qe6 23.f3 f5 24.Ng5 Nf4+ 25.Kf2 Nd3+ 26.Kf1 Qxa2 27.Rc8 Bf6 28.Qxh7+ Kf8
29.Rxd8+ Bxd8 30.Qh8+ Ke7 31.Qg7+ Ke8 32.Qxg6+ Ke7 33.Qg7+ Ke8 34.Qh8+ Ke7
35.Ke2 Nxb2 36.Qe5+ Kd7 37.Qxf5+ Ke7 38.f4 {#r} 1-0

[Event "It (open)"]
[Site "masterchessopen.com Triesen (Liechtenstein)"]
[Date "2004.05.21"]
[Round "8"]
[White "Lorscheid Gerhard (GER)"]
[Black "Kohlweyer Bernd (GER)"]
[Result "0-1"]
[WhiteElo "2274"]
[BlackElo "2429"]

1.d4 Nf6 2.c4 g6 3.Nc3 d5 4.Bf4 Bg7 5.e3 c5 6.dxc5 Qa5 7.Qa4+ Qxa4 8.Nxa4 Bd7
9.Nc3 Ne4 10.Rc1 Nxc3 11.bxc3 dxc4 12.Bxc4 Bc6 13.Nf3 Nd7 14.O-O e5 15.Bg3 f6
16.Nd2 Nxc5 17.Nb3 Ne4 18.Rfd1 Rc8 19.Be6 Rc7 20.f3 Ke7 21.Bh3 Nxg3 22.hxg3
Ba4 23.Rd5 b6 24.Rcd1 Rb8 25.e4 Be8 26.Kh2 Rbb7 27.R5d3 Bh6 28.Nd2 Rc6 29.Nb1
Rbc7 30.Rd8 Be3 31.R8d3 Bc5 32.R1d2 Rd6 33.Rxd6 Bxd6 34.Kg1 Bf7 35.Kf1 Rc5
36.Rb2 Ra5 37.a3 Bxa3 38.Nxa3 Rxa3 39.Rd2 Bc4+ 40.Kf2 Ra2 {#R} 0-1

[Event "It (open)"]
[Site "masterchessopen.com Amsterdam (Netherlands)"]
[Date "2004.07.25"]
[Round "9"]
[White "Oei Hway Ik (NED)"]
[Black "Widmer Simon (SUI)"]
[Result "0-1"]
[WhiteElo "2167"]
[BlackElo "2199"]

1.d4 Nf6 2.c4 g6 3.Nc3 d5 4.Bf4 Bg7 5.e3 c5 6.dxc5 Qa5 7.Qa4+ Qxa4 8.Nxa4 Bd7
9.Nc3 Ne4 10.Nxd5 Na6 11.f3 Nexc5 12.O-O-O Rc8 13.Nc3 O-O 14.Be2 Be6 15.Nb5
Nb4 16.a3 Nb3+ 17.Kb1 Nc6 18.Ka2 Nc5 19.b3 Na5 20.Nc7 Naxb3 21.Nxe6 fxe6
22.Nh3 Na5 23.e4 Na4 24.Bd2 Nxc4 25.Bxc4 Rxc4 26.Rc1 b5 27.Rxc4 bxc4 28.Ng5
Rd8 29.Ba5 Nc3+ 30.Kb2 Nxe4+ 31.Kc2 Rd5 32.fxe4 Rxg5 33.Bb4 Rxg2+ 34.Kb1 c3
35.Rc1 Rb2+ 36.Ka1 c2 37.Bd2 {#R} 0-1